000 01501nab a22002417a 4500
999 _c6219
_d6219
003 OSt
005 20260126004812.0
008 190514b xxu||||| |||| 00| 0 spa d
040 _cPJ
100 _96942
_a Passini, Fabiana L.
245 1 3 _aEl control de legalidad judicial frente al poder de disposición administrativo :
_bun fallo que presume interseccionalidad /
_cFabiana L. Passini.
300 _ap. 125-134
500 _aCita: TR LALEY AR/DOC/2118/2024.
505 _aSumario: I. Que la falta de autocrítica no nos sesgue la necesaria mirada objetiva.— II. La mera acción dispositiva automatizada del Estado en su función administrativa.— III. El Poder Judicial en un intento efectivo de soluciones interseccionalizadas.— IV. La designación de abogado del niño ad hoc, en el caso como herramienta creativa indispensable.— V. Un atisbo de reflexión: el Estado como garante de derechos o como un mero gestor de intervenciones prejuiciosas.
505 _tFallo comentado: JPaz, Mendoza ~ 12/04/2024 ~ ETI c. la adolescente A. G. X. s/ medida excepcional (control de legalidad).
650 0 _9967
_aDERECHO DE FAMILIA
650 0 _92989
_aCONTROL DE LEGALIDAD
650 0 _94105
_aABOGADO DEL NIÑO
650 0 _9877
_aADMINISTRACION PUBLICA
650 0 _91057
_aJURISPRUDENCIA APLICABLE
773 0 _02844
_93222
_dBuenos Aires : AbeledoPerrot, 1989-
_tDerecho de familia. Revista Interdisciplinaria de doctrina y jurisprudencia. Octubre 2024-V.
_z18511201
942 _2udc
_cANA